[Event "Speed Chess Q1 Sw"]
[Site "Chess.com INT"]
[Date "2023.08.21"]
[Round "10"]
[White "Balaji, Aaravamudhan"]
[Black "Yelisieiev, Yevhenii"]
[Result "1-0"]
[WhiteElo "2334"]
[BlackElo "2401"]
[PlyCount "111"]
[EventDate "2023.08.21"]
[EventType "k.o. (blitz)"]
[EventRounds "14"]
[EventCountry "USA"]
[SourceTitle "CBM 215 Extra"]
[Source "ChessBase"]
[SourceDate "2023.09.30"]
[SourceVersion "1"]
[SourceVersionDate "2023.09.30"]
[SourceQuality "1"]

1. h4 d5 2. g3 c5 3. Bg2 Nc6 4. d3 e5 5. Nd2 Nf6 6. e4 Be7 7. Ngf3 0-0 8. 0-0 Bg4 9. c3 dxe4 10. dxe4 Qd3 11. Re1 Rad8 12. Bf1 Qd7 13. Be2 h6 14. Qa4 Nd4 15. Qxd7 Nxe2+ 16. Rxe2 Rxd7 17. Re1 Rfd8 18. Kg2 Bxf3+ 19. Nxf3 Rd1 20. Be3 Rxa1 21. Rxa1 Ng4 22. Kf1 Nxe3+ 23. fxe3 f6 24. Ke2 c4 25. Rd1 Rxd1 26. Kxd1 Kf7 27. h5 g6 28. hxg6+ Kxg6 29. Ke2 Kh5 30. Nh4 Kg4 31. Ng6 Bc5 32. Kf2 b5 33. Nh8 b4 34. cxb4 Bxb4 35. Nf7 h5 36. Nh6+ Kg5 37. Nf5 a5 38. Kf3 a4 39. Nh4 a3 40. bxa3 Bxa3 41. Ng2 c3 42. Ne1 Bc1 43. Nc2 f5 44. a4 fxe4+ 45. Kxe4 Kg4 46. a5 Kxg3 47. a6 h4 48. a7 h3 49. a8Q h2 50. Qg8+ Kf2 51. Qh7 Kg1 52. Qg6+ Kh1 53. Ne1 Bxe3 54. Kxe3 c2 55. Kf2 c1Q 56. Qe4# 1-0

[Event "Speed Chess Q1 Sw"]
[Site "Chess.com INT"]
[Date "2023.08.21"]
[Round "3"]
[White "Zemlyanskii, Ivan"]
[Black "Balaji, Aaravamudhan"]
[Result "0-1"]
[WhiteElo "2362"]
[BlackElo "2334"]
[PlyCount "86"]
[EventDate "2023.08.21"]
[EventType "k.o. (blitz)"]
[EventRounds "14"]
[EventCountry "USA"]
[SourceTitle "CBM 215 Extra"]
[Source "ChessBase"]
[SourceDate "2023.09.30"]
[SourceVersion "1"]
[SourceVersionDate "2023.09.30"]
[SourceQuality "1"]

1. d4 b5 2. e4 Bb7 3. Bxb5 Bxe4 4. Nf3 Nf6 5. 0-0 e6 6. Re1 Bxf3 7. Qxf3 c6 8. c4 d5 9. Ba4 Be7 10. Nc3 0-0 11. c5 Nfd7 12. Bf4 Bf6 13. Rad1 Re8 14. Bg3 Qc8 15. b4 a6 16. a3 Nf8 17. Bd6 Ng6 18. g3 Nd7 19. h4 Ne7 20. Bc2 Qd8 21. a4 Nc8 22. Bf4 e5 23. dxe5 Bxe5 24. Bxe5 Nxe5 25. Bxh7+ Kf8 26. Qf4 Qf6 27. Bf5 g6 28. Bxc8 Qxf4 29. gxf4 Nf3+ 30. Kf1 Rxe1+ 31. Rxe1 Nxe1 32. Bb7 Rb8 33. Bxc6 d4 34. Nd5 Nd3 35. b5 axb5 36. axb5 Nxc5 37. Ke2 Kg7 38. Kf3 d3 39. Ke3 f6 40. Nc3 Kf7 41. Kd4 Ne6+ 42. Kxd3 Nxf4+ 43. Kc4 Ne6 0-1

[Event "London Psyon"]
[Site "London"]
[Date "2023.08.10"]
[Round "7"]
[White "Balaji, Aaravamudhan"]
[Black "Madan, Augustin"]
[Result "1/2-1/2"]
[WhiteElo "2334"]
[BlackElo "2292"]
[PlyCount "27"]
[EventDate "2023.08.07"]
[EventType "tourn"]
[EventRounds "9"]
[EventCountry "ENG"]
[SourceTitle "CBM 215 Extra"]
[Source "ChessBase"]
[SourceDate "2023.09.30"]
[SourceVersion "1"]
[SourceVersionDate "2023.09.30"]
[SourceQuality "1"]

1. Nf3 Nc6 2. d4 d5 3. g3 Bf5 4. Nh4 Be4 5. f3 Bg6 6. Nxg6 hxg6 7. Bg2 Nf6 8. c3 e5 9. Qb3 Rb8 10. dxe5 Nxe5 11. Bf4 Nc6 12. Na3 Bd6 13. Bg5 Na5 14. Qa4+ 1/2-1/2